| 000 -LEADER |
| fixed length control field |
00945nam a2200217Ia 4500 |
| 001 - CONTROL NUMBER |
| control field |
14671 |
| 003 - CONTROL NUMBER IDENTIFIER |
| control field |
GE_BSU |
| 008 - FIXED-LENGTH DATA ELEMENTS--GENERAL INFORMATION |
| fixed length control field |
181216s||||||||xx |||||||||||||| ||und|| |
| 040 ## - CATALOGING SOURCE |
| Transcribing agency |
GE_BSU |
| 080 ## - UNIVERSAL DECIMAL CLASSIFICATION NUMBER |
| Universal Decimal Classification number |
821.353.1+821.353.1-2+821.353.1-6 |
| 100 ## - MAIN ENTRY--PERSONAL NAME |
| Personal name |
ქიაჩელი,ლეო |
| 245 ## - TITLE STATEMENT |
| Title |
თხზულებანი 4 ტომად. ტ.4. დრამატული თხზულებანი, წერილები, პორტრეტები. 1909-1962 |
| 245 ## - TITLE STATEMENT |
| Statement of responsibility, etc. |
ტ. გამოსაც. მოამზ.ი.ლორთქიფანიძემ. რედ. გ. გვერდწითელი |
| 260 ## - PUBLICATION, DISTRIBUTION, ETC. |
| Place of publication, distribution, etc. |
თბილისი |
| 260 ## - PUBLICATION, DISTRIBUTION, ETC. |
| Date of publication, distribution, etc. |
1985 |
| 300 ## - PHYSICAL DESCRIPTION |
| Extent |
303გვ. |
| 300 ## - PHYSICAL DESCRIPTION |
| Accompanying material |
შენიშვნები გვ.296-302 |
| 653 ## - INDEX TERM--UNCONTROLLED |
| Uncontrolled term |
დრამატული თხზულებანი, წერილები, პორტრეტები. |
| 942 ## - ADDED ENTRY ELEMENTS (KOHA) |
| Koha item type |
წიგნი |